| 000 | 00534nam a2200169 i 4500 | ||
|---|---|---|---|
| 001 | 24977 | ||
| 003 | ES-MaACL | ||
| 007 | t| | ||
| 008 | 021219s1974 mx ||||1| spa d | ||
| 100 | 1 |
_aApter, David E. _922129 |
|
| 245 | 1 | 4 |
_aUna teoría política del desarrollo / _cDavid E. Apter ; [Traducción de Eduardo L. Suárez]. |
| 250 | _a[1ª ed.]. | ||
| 260 |
_aMéxico : _bFondo de Cultura Económica, _c[1974] |
||
| 300 |
_a240 p. : _bil. ; _c21 cm. |
||
| 700 | 1 |
_aSuárez, Eduardo L. _9108553 |
|
| 852 |
_aES-MaACL _jE-7096 _bR.91373 |
||
| 999 |
_c24977 _d24977 |
||